| Tag |
First Indicator |
Second Indicator |
Subfields |
| LEADER |
00000nam a2200000Ia 4500 |
| 001 |
in00004199374 |
| 005 |
20200806091000.0 |
| 006 |
m g d |
| 007 |
cr bn |||a|bb| |
| 008 |
900515s1593 enka o 00| | eng d |
| 035 |
|
|
|a (OCoLC)21537488
|
| 040 |
|
|
|a EBK
|c EBK
|d WaOLN
|
| 037 |
|
|
|a CL0036000051
|b ProQuest. 789 E. Eisenhower Parkway, Ann Arbor, MI 48108-3218
|
| 041 |
1 |
|
|a eng
|h lat
|
| 090 |
|
|
|a BR65.A89
|b S63 1593
|
| 049 |
|
|
|a UMIA
|
| 100 |
0 |
|
|a Augustine,
|c Saint, Bishop of Hippo.
|
| 240 |
1 |
0 |
|a Speculum peccatoris.
|l English.
|f 1593
|
| 245 |
1 |
5 |
|a [The glasse of vaine-glorie] /
|c [translated out of S. Augustine by W.P. ...]
|
| 260 |
|
|
|a [London :
|b Printed by Iohn Windet, dwelling by Pauls Wharfe at the signe of the Crosse Keyes,
|c 1593]
|
| 300 |
|
|
|a 1 online resource ([12]+ pages :
|b illustrations.
|
| 336 |
|
|
|a text
|b txt
|2 rdacontent
|
| 337 |
|
|
|a computer
|b c
|2 rdamedia
|
| 338 |
|
|
|a online resource
|b cr
|2 rdacarrier
|
| 500 |
|
|
|a Title and author suggested by STC (2nd. edition) and NUC pre-1956 imprints.
|
| 500 |
|
|
|a Imprint suggested by STC (2nd edition) and NUC pre-1956 imprints.
|
| 500 |
|
|
|a Imperfect: lacks all except calendar.
|
| 500 |
|
|
|a Reproduction of original in the Henry E. Huntington Library and Art Gallery.
|
| 510 |
4 |
|
|a STC (2nd edition)
|c 930.7
|
| 533 |
|
|
|a Electronic reproduction.
|b Ann Arbor, Mich. :
|c UMI,
|d 1999-
|f (Early English books online)
|n Digital version of: (Early English books, 1475-1640 ; 1739:64)
|7 s1999 miun s
|
| 700 |
1 |
|
|a Prid, W.
|
| 830 |
|
0 |
|a Early English books online.
|
| 856 |
4 |
0 |
|u http://proxy.library.tamu.edu/login?url=https://search.proquest.com/docview/2240939922
|z Connect to the full text of this electronic book
|t 0
|
| 999 |
f |
f |
|s 6eda1e8c-c240-3a53-9fd4-437eeb6c5f31
|i 85a3ac1d-5579-36f9-900e-6526ba1debe0
|t 0
|
| 952 |
f |
f |
|a Texas A&M University
|b College Station
|c Electronic Resources
|d Available Online
|t 0
|e BR65.A89 S63 1593
|h Library of Congress classification
|
| 998 |
f |
f |
|a BR65.A89 S63 1593
|t 0
|l Available Online
|